000 00311nam a22001337a 4500
003 SGT
020 _a9789351439042
082 _a336.27815
_bRAS
100 _aRASTOGI ABHISHEK
245 _aINDIA NEEDS GST
_bPOLITICS OVER ECONOMICS
260 _aGURUGRAM
_bLEXIS NEXIS
_c2016
300 _a703
942 _2ddc
_cBK
999 _c28573
_d28573